[Event "Prague op 22nd"]
[Site "Prague"]
[Date "2024.01.11"]
[Round "8"]
[White "Matras, Ondrej"]
[Black "Bezeyko, Alexander"]
[Result "1-0"]
[WhiteElo "2185"]
[BlackElo "1851"]
[PlyCount "73"]
[EventDate "2024.01.05"]
[EventType "swiss"]
[EventRounds "9"]
[EventCountry "CZE"]
[SourceTitle "CB03_2024"]
[SourceDate "2024.01.17"]
[SourceVersion "1"]
[SourceVersionDate "2024.01.17"]
[SourceQuality "1"]

1. d4 d5 2. c4 e6 3. Nc3 Nf6 4. Nf3 Be7 5. Bf4 0-0 6. e3 Nbd7 7. Qc2 c5 8. a3 h6 9. Rd1 cxd4 10. exd4 dxc4 11. Bxc4 Nb6 12. Ba2 Nbd5 13. Bd2 Bd7 14. 0-0 Bc6 15. Ne5 Nxc3 16. Nxc6 Ne2+ 17. Kh1 bxc6 18. Be3 Nxd4 19. Rxd4 Qb8 20. Bb1 Qb5 21. Rc1 Rfd8 22. Rc4 a5 23. a4 Qh5 24. h3 Rac8 25. Bd4 Qd5 26. Bb6 Re8 27. Rd1 Qh5 28. Rdd4 e5 29. Rh4 Qg5 30. Rcg4 e4 31. Rxg5 hxg5 32. Rxe4 Nxe4 33. Qxe4 g6 34. Ba2 Kg7 35. Bxa5 Bf6 36. Qc4 Re7 37. Bc3 1-0

[Event "Ceske Budejovice op-A"]
[Site "Ceske Budejovice"]
[Date "2023.07.08"]
[Round "8"]
[White "Nagy, Ladislav1111"]
[Black "Matras, Ondrej"]
[Result "0-1"]
[WhiteElo "2138"]
[BlackElo "2200"]
[PlyCount "126"]
[EventDate "2023.07.01"]
[EventType "swiss"]
[EventRounds "9"]
[EventCountry "CZE"]
[SourceTitle "CBM 215 Extra"]
[Source "ChessBase"]
[SourceDate "2023.09.30"]
[SourceVersion "1"]
[SourceVersionDate "2023.09.30"]
[SourceQuality "1"]

1. e4 e6 2. d4 d5 3. Nc3 Bb4 4. e5 c5 5. a3 Ba5 6. b4 cxd4 7. Qg4 Kf8 8. Nb5 Bb6 9. Nf3 Nc6 10. Bb2 Nge7 11. Nbxd4 h5 12. Qf4 Ng6 13. Nxc6 bxc6 14. Qg3 a5 15. Bd3 Ne7 16. Qf4 Kg8 17. 0-0 Ba6 18. Bd4 Bxd4 19. Qxd4 g6 20. Qf4 Nf5 21. Rfc1 Bxd3 22. cxd3 axb4 23. axb4 Rxa1 24. Rxa1 Kg7 25. h3 h4 26. Qc1 Qe7 27. Qxc6 Qxb4 28. Ra7 Nd4 29. Nxd4 Qe1+ 30. Kh2 Qxe5+ 31. Kg1 Qxd4 32. Rb7 Qa1+ 33. Kh2 Qe5+ 34. Kg1 Qe1+ 35. Kh2 Qxf2 36. Qxe6 Qf4+ 37. Kh1 Ra8 38. Qe1 Ra2 39. Rb1 Rd2 40. Rd1 Rxd1 41. Qxd1 d4 42. Qb1 Kh6 43. Qa1 f5 44. Qa3 Qe5 45. Qc1+ Kh5 46. Qd1+ Kg5 47. Qf1 Qe3 48. Qb1 Kf4 49. Qb8+ Qe5 50. Qb6 g5 51. Qc6 Qe1+ 52. Kh2 Qg3+ 53. Kh1 Qxd3 54. Qc1+ Qe3 55. Qc7+ Ke4 56. Qc2+ Qd3 57. Qa2 Ke3 58. Kg1 Qd1+ 59. Kh2 Qd2 60. Qb3+ d3 61. Qb6+ Ke2 62. g4 Kf1+ 63. Qf2+ Qxf2+ 0-1

[Event "Pobeskydy Talents op 42nd"]
[Site "Frydek Mistek"]
[Date "2023.04.10"]
[Round "9"]
[White "Zezula, Jakub"]
[Black "Matras, Ondrej"]
[Result "0-1"]
[WhiteElo "1913"]
[BlackElo "2170"]
[PlyCount "42"]
[EventDate "2023.04.06"]
[EventType "swiss"]
[EventRounds "9"]
[EventCountry "CZE"]
[SourceTitle "EXT 2024"]
[Source "ChessBase"]
[SourceDate "2023.10.10"]
[SourceVersion "1"]
[SourceVersionDate "2023.10.10"]
[SourceQuality "1"]

1. e4 e6 2. d4 d5 3. Nd2 a6 4. e5 c5 5. c3 Nc6 6. Ngf3 cxd4 7. cxd4 Qb6 8. Nb3 Bd7 9. Bd3 Nb4 10. Be2 Ba4 11. Nfd2 Rc8 12. 0-0 Nc2 13. Rb1 Nxd4 14. Bd3 Ne7 15. Kh1 Nec6 16. f4 Nb4 17. Be2 Nxa2 18. Ra1 Nxe2 19. Rxa2 Rxc1 20. Qxe2 Rxf1+ 21. Qxf1 Bxb3 0-1

[Event "Pobeskydy Talents op 42nd"]
[Site "Frydek Mistek"]
[Date "2023.04.09"]
[Round "7"]
[White "Topencik, Bruno"]
[Black "Matras, Ondrej"]
[Result "0-1"]
[WhiteElo "1834"]
[BlackElo "2170"]
[PlyCount "112"]
[EventDate "2023.04.06"]
[EventType "swiss"]
[EventRounds "9"]
[EventCountry "CZE"]
[SourceTitle "EXT 2024"]
[Source "ChessBase"]
[SourceDate "2023.10.10"]
[SourceVersion "1"]
[SourceVersionDate "2023.10.10"]
[SourceQuality "1"]

1. e4 e6 2. d4 d5 3. Nd2 a6 4. Bd3 c5 5. dxc5 Bxc5 6. Ngf3 Nf6 7. 0-0 Nc6 8. exd5 Qxd5 9. Nb3 Be7 10. c3 Bd7 11. Bc2 Qh5 12. Nfd4 Qxd1 13. Rxd1 0-0-0 14. Bf4 Nd5 15. Bg3 h5 16. h3 h4 17. Bh2 g5 18. Nxc6 Bxc6 19. Na5 Nf4 20. Bxf4 gxf4 21. Nxc6 bxc6 22. Rxd8+ Rxd8 23. Rd1 Rg8 24. Kf1 Kc7 25. Bd3 a5 26. b3 Bf6 27. Rc1 Rg5 28. a4 Rc5 29. Bc4 Re5 30. Bd3 Kb6 31. Bc4 Rg5 32. Bd3 Be5 33. Bc4 Kc5 34. Bd3 Bf6 35. Be4 Bg7 36. Bd3 e5 37. Be4 f5 38. Bd3 e4 39. Bc4 Rg6 40. Rc2 Be5 41. Be2 Rg7 42. Bc4 f3 43. gxf3 exf3 44. Ke1 Bf4 45. Bd3 Re7+ 46. Kd1 Rd7 47. Rd2 Bxd2 48. Kxd2 f4 49. Kc2 Rg7 50. Kd2 Kd5 51. b4 axb4 52. cxb4 Kd4 53. Bf1 Rg1 54. Ba6 Rg2 55. Ke1 Kc3 56. Bf1 Kxb4 0-1

[Event "Pobeskydy Talents op 42nd"]
[Site "Frydek Mistek"]
[Date "2023.04.08"]
[Round "6"]
[White "Matras, Ondrej"]
[Black "Field, Rowan Soraya"]
[Result "1-0"]
[WhiteElo "2170"]
[BlackElo "1764"]
[PlyCount "51"]
[EventDate "2023.04.06"]
[EventType "swiss"]
[EventRounds "9"]
[EventCountry "CZE"]
[SourceTitle "EXT 2024"]
[Source "ChessBase"]
[SourceDate "2023.10.10"]
[SourceVersion "1"]
[SourceVersionDate "2023.10.10"]
[SourceQuality "1"]

1. d4 Nf6 2. c4 g6 3. Nc3 d5 4. cxd5 Nxd5 5. e4 Nxc3 6. bxc3 Bg7 7. Bb5+ Bd7 8. Bc4 0-0 9. Rb1 c5 10. Ne2 Nc6 11. 0-0 Qc7 12. Bd5 Na5 13. Bf4 e5 14. Bg3 c4 15. f4 exd4 16. f5 Be5 17. Bxe5 Qxe5 18. cxd4 Qd6 19. Qd2 Nc6 20. Qh6 Rfb8 21. fxg6 Qxg6 22. Bxf7+ Qxf7 23. Rxf7 Kxf7 24. Rf1+ Kg8 25. Qg5+ Kh8 26. Rf7 1-0

[Event "Pobeskydy Talents op 42nd"]
[Site "Frydek Mistek"]
[Date "2023.04.07"]
[Round "4"]
[White "Matras, Ondrej"]
[Black "Tolmacevs, Artjoms"]
[Result "0-1"]
[WhiteElo "2170"]
[BlackElo "1954"]
[PlyCount "73"]
[EventDate "2023.04.06"]
[EventType "swiss"]
[EventRounds "9"]
[EventCountry "CZE"]
[SourceTitle "EXT 2024"]
[Source "ChessBase"]
[SourceDate "2023.10.10"]
[SourceVersion "1"]
[SourceVersionDate "2023.10.10"]
[SourceQuality "1"]

1. d4 Nf6 2. c4 c5 3. d5 b5 4. cxb5 a6 5. bxa6 g6 6. Nc3 Bg7 7. Nf3 0-0 8. g3 d6 9. Bg2 Bxa6 10. 0-0 Nbd7 11. Re1 Qb6 12. h3 Rfb8 13. e4 Ne8 14. Qc2 Nc7 15. Rb1 Nb5 16. Nxb5 Bxb5 17. a3 Ba4 18. Qe2 Qb3 19. Bf1 Qa2 20. Bg5 Kf8 21. e5 Bb5 22. Qe3 dxe5 23. Ra1 Qxd5 24. Rad1 Qe6 25. Bxb5 Rxb5 26. Bh6 f6 27. Ng5 Qc6 28. Bxg7+ Kxg7 29. Qd3 Ra7 30. Ne6+ Kh8 31. Qc4 Rb6 32. Nd8 Qc8 33. Nf7+ Kg7 34. Qh4 h5 35. Ng5 fxg5 36. Qxg5 Rf6 37. h4 0-1

[Event "Piestany Slovakia op-A"]
[Site "Piestany"]
[Date "2022.07.18"]
[Round "9"]
[White "Nadzamova, Viktoria"]
[Black "Matras, Ondrej"]
[Result "0-1"]
[WhiteElo "2133"]
[BlackElo "2229"]
[PlyCount "110"]
[EventDate "2022.07.11"]
[EventType "swiss"]
[EventRounds "9"]
[EventCountry "SVK"]
[SourceTitle "CBM 209 Extra"]
[Source "ChessBase"]
[SourceDate "2022.09.30"]
[SourceVersion "1"]
[SourceVersionDate "2022.09.30"]
[SourceQuality "1"]

1. d4 Nf6 2. Nf3 d6 3. g3 Bg4 4. Bg2 c6 5. h3 Bf5 6. c4 h6 7. 0-0 g5 8. Nc3 Qd7 9. g4 Bg6 10. Nh2 Na6 11. e4 e5 12. Qf3 Be7 13. dxe5 dxe5 14. Rd1 Qc7 15. Nf1 Nc5 16. Ng3 Ne6 17. Nf5 Bxf5 18. exf5 Nd4 19. Qg3 0-0-0 20. Be3 Bd6 21. c5 Bxc5 22. Rd2 Bd6 23. Ne4 Nxe4 24. Bxe4 Bb4 25. Bxd4 exd4 26. Qxc7+ Kxc7 27. Rdd1 Be7 28. Rac1 Bf6 29. Bd3 Kd6 30. a4 h5 31. Kg2 hxg4 32. hxg4 Rh4 33. f3 Be5 34. Rh1 Rdh8 35. Rxh4 Rxh4 36. b3 Rh2+ 37. Kg1 Rb2 38. Bc4 f6 39. Re1 a6 40. Kf1 Rh2 41. Kg1 Rc2 42. Kf1 b5 43. axb5 axb5 44. Bf7 d3 45. Re3 d2 46. Ke2 Bf4 47. Rd3+ Ke7 48. Be6 Rc1 49. Rd7+ Ke8 50. Rxd2 Bxd2 51. Kxd2 Rc5 52. Kd3 Ke7 53. Ke4 Re5+ 54. Kd4 Kd6 55. Bf7 Re1 0-1

[Event "Piestany Slovakia op-A"]
[Site "Piestany"]
[Date "2022.07.12"]
[Round "2"]
[White "Matras, Ondrej"]
[Black "Walterova, Ema"]
[Result "1-0"]
[WhiteElo "2229"]
[BlackElo "2000"]
[PlyCount "67"]
[EventDate "2022.07.11"]
[EventType "swiss"]
[EventRounds "9"]
[EventCountry "SVK"]
[SourceTitle "CBM 209 Extra"]
[Source "ChessBase"]
[SourceDate "2022.09.30"]
[SourceVersion "1"]
[SourceVersionDate "2022.09.30"]
[SourceQuality "1"]

1. d4 Nf6 2. c4 e6 3. Nc3 Bb4 4. Qc2 0-0 5. Bg5 h6 6. Bh4 d5 7. e3 Nbd7 8. cxd5 exd5 9. Bd3 c6 10. Nf3 Re8 11. a3 Bd6 12. b4 b6 13. 0-0 Bb7 14. e4 dxe4 15. Nxe4 Be7 16. Rfe1 Nxe4 17. Bxe7 Rxe7 18. Bxe4 Rc8 19. Bh7+ Kh8 20. Bf5 Rc7 21. Rxe7 Qxe7 22. Re1 Qd8 23. Qe2 Nf6 24. Qe5 Kg8 25. Bc2 Kf8 26. Bb3 Ne8 27. Qf4 Re7 28. Rxe7 Qxe7 29. Ne5 Nf6 30. Bxf7 Qd8 31. Bc4 Ke8 32. Ng6 Qd7 33. Qe5+ Kd8 34. Nf8 1-0

[Event "Ceske Budejovice op-A"]
[Site "Ceske Budejovice"]
[Date "2022.07.01"]
[Round "1"]
[White "Shirinyan, Daniel"]
[Black "Matras, Ondrej"]
[Result "1/2-1/2"]
[WhiteElo "1876"]
[BlackElo "2229"]
[PlyCount "194"]
[EventDate "2022.07.01"]
[EventType "swiss"]
[EventRounds "9"]
[EventCountry "CZE"]
[SourceTitle "CBM 209 Extra"]
[Source "ChessBase"]
[SourceDate "2022.09.30"]
[SourceVersion "1"]
[SourceVersionDate "2022.09.30"]
[SourceQuality "1"]

1. Nf3 d5 2. g3 Nc6 3. d4 Bg4 4. Nbd2 Qd7 5. Bg2 0-0-0 6. c3 e5 7. Nxe5 Nxe5 8. dxe5 Bc5 9. b4 Bb6 10. Nb3 Ne7 11. Bf4 Rhe8 12. h3 Bf5 13. g4 Bg6 14. a4 a6 15. 0-0 h5 16. e4 Bxe4 17. Bxe4 dxe4 18. Qxd7+ Rxd7 19. a5 Ba7 20. Be3 Bxe3 21. fxe3 Ng6 22. Nc5 Rde7 23. e6 fxe6 24. g5 Nh4 25. Nxe4 Rd7 26. Rad1 Nf5 27. Kf2 Rd5 28. Rxd5 exd5 29. Nc5 Rxe3 30. Kg1 g6 31. Rd1 c6 32. Rd3 Re5 33. Kf2 Nd6 34. Re3 Rxg5 35. Re6 Ne4+ 36. Nxe4 dxe4 37. Rxe4 Kd7 38. Kf3 Rd5 39. Ke3 Kd6 40. Rf4 Ke6 41. h4 Rf5 42. Rd4 Re5+ 43. Kf4 Rd5 44. Re4+ Kf7 45. Ke3 Rd1 46. Rf4+ Ke6 47. Re4+ Kd7 48. Ke2 Rd6 49. Ke3 Re6 50. Rxe6 Kxe6 51. Ke4 Kf6 52. Kf4 Kf7 53. Kf3 Ke7 54. Ke3 Kf8 55. Kf2 Kg8 56. Kg2 Kh8 57. Kh2 Kh7 58. Kg3 Kg7 59. Kf3 Kf7 60. Kf4 Kf6 61. c4 Ke6 62. Ke4 Kd6 63. Kf4 Ke7 64. Ke3 Kf8 65. Kf2 Kg8 66. Kg2 Kh8 67. Kh3 Kh7 68. Kg3 Kg7 69. Kf3 Kf7 70. Ke3 Ke7 71. Kf3 Kd7 72. Kf4 Ke6 73. Ke4 Kf6 74. Kf4 c5 75. b5 Ke6 76. Ke4 Kd6 77. Kf4 Ke6 78. Ke4 Kf6 79. Kf4 Kf7 80. Kf3 Kg7 81. Ke4 Kh7 82. Ke3 Kh6 83. Kf4 Kh7 84. Ke3 Kh8 85. Kf3 Kg8 86. Ke3 Kf8 87. Kf2 Ke8 88. Ke2 Kd7 89. Ke3 Ke7 90. Kf3 Kf7 91. Ke3 Kf6 92. Kf4 g5+ 93. hxg5+ Kg6 94. b6 h4 95. Kg4 h3 96. Kxh3 Kxg5 97. Kg3 Kf5 1/2-1/2

[Event "Pobeskydy op 41st"]
[Site "Frydek Mistek"]
[Date "2022.04.16"]
[Round "6"]
[White "Matras, Ondrej"]
[Black "Zezula, Jakub"]
[Result "1-0"]
[WhiteElo "2273"]
[BlackElo "1900"]
[PlyCount "89"]
[EventDate "2022.04.14"]
[EventType "swiss"]
[EventRounds "9"]
[EventCountry "CZE"]
[SourceTitle "CBM 207 Extra"]
[Source "ChessBase"]
[SourceDate "2022.05.31"]
[SourceVersion "1"]
[SourceVersionDate "2022.05.31"]
[SourceQuality "1"]

1. d4 d5 2. c4 c6 3. Nf3 Nf6 4. Nc3 e6 5. Bg5 Nbd7 6. e3 Qa5 7. Nd2 Bb4 8. Qc1 Ne4 9. Ndxe4 dxe4 10. Bh4 0-0 11. a3 Bxc3+ 12. Qxc3 Qh5 13. Bg3 f5 14. Be2 Qf7 15. h4 b6 16. h5 h6 17. Bf4 Bb7 18. 0-0-0 Nf6 19. Rdg1 b5 20. g4 fxg4 21. Bxg4 Kh7 22. Be5 Rg8 23. Bd1 a5 24. Bc2 b4 25. Qe1 bxa3 26. bxa3 c5 27. f3 cxd4 28. exd4 Rac8 29. c5 Nd7 30. Bxe4+ Kh8 31. Bxb7 Nxe5 32. Qxe5 Qxb7 33. Rg6 Rge8 34. Rxh6+ Kg8 35. Rxe6 Qb5 36. Qd5 Kh8 37. h6 Rxe6 38. Qxe6 Rxc5+ 39. dxc5 Qxc5+ 40. Kd2 Qf2+ 41. Qe2 Qd4+ 42. Ke1 Qa1+ 43. Qd1 Qc3+ 44. Kf1 Qc4+ 45. Kg2 1-0

[Event "Pobeskydy op 41st"]
[Site "Frydek Mistek"]
[Date "2022.04.14"]
[Round "1"]
[White "Dzikowski, Michal"]
[Black "Matras, Ondrej"]
[Result "0-1"]
[WhiteElo "2094"]
[BlackElo "2273"]
[PlyCount "78"]
[EventDate "2022.04.14"]
[EventType "swiss"]
[EventRounds "9"]
[EventCountry "CZE"]
[SourceTitle "CBM 207 Extra"]
[Source "ChessBase"]
[SourceDate "2022.05.31"]
[SourceVersion "1"]
[SourceVersionDate "2022.05.31"]
[SourceQuality "1"]

1. e4 e6 2. d4 d5 3. exd5 exd5 4. c4 c6 5. Nc3 Nf6 6. Bd3 dxc4 7. Bxc4 Bd6 8. Nf3 0-0 9. 0-0 h6 10. h3 Nbd7 11. Be3 Nb6 12. Bb3 Re8 13. Qd3 Be6 14. Bxe6 Rxe6 15. Rad1 Nbd5 16. Rfe1 Bc7 17. Bc1 Rxe1+ 18. Rxe1 Qd6 19. Qf5 Rd8 20. a3 Ne7 21. Qc5 Nc8 22. Qf5 Bb6 23. Ne4 Nxe4 24. Rxe4 Ne7 25. Qh5 Ng6 26. b4 Kf8 27. Bxh6 Qd5 28. Ng5 Bxd4 29. g3 gxh6 30. Qxh6+ Bg7 31. Qh5 Qd1+ 32. Qxd1 Rxd1+ 33. Kg2 Ne5 34. h4 Rd2 35. h5 Nd3 36. Nh3 f5 37. Re6 Bd4 38. Ng5 Nxf2 39. Kf1 Nd3 0-1

[Event "Pobeskydy op 41st"]
[Site "Frydek Mistek"]
[Date "2022.04.14"]
[Round "2"]
[White "Matras, Ondrej"]
[Black "Soural, Jan"]
[Result "1-0"]
[WhiteElo "2273"]
[BlackElo "2166"]
[PlyCount "100"]
[EventDate "2022.04.14"]
[EventType "swiss"]
[EventRounds "9"]
[EventCountry "CZE"]
[SourceTitle "CBM 207 Extra"]
[Source "ChessBase"]
[SourceDate "2022.05.31"]
[SourceVersion "1"]
[SourceVersionDate "2022.05.31"]
[SourceQuality "1"]

1. d4 Nf6 2. c4 g6 3. Nc3 d5 4. cxd5 Nxd5 5. e4 Nxc3 6. bxc3 Bg7 7. Bc4 c5 8. Ne2 cxd4 9. cxd4 Nc6 10. Be3 0-0 11. 0-0 e6 12. Rb1 Na5 13. Bd3 b6 14. Qd2 Bb7 15. Bh6 Rc8 16. Bxg7 Kxg7 17. Rfc1 Qe7 18. Qb2 Rfd8 19. Ng3 Qf6 20. Rxc8 Rxc8 21. Rd1 Rd8 22. Ne2 Nc6 23. Bb5 h5 24. f3 h4 25. h3 Na5 26. Bd3 Rc8 27. Rc1 Nc6 28. Rd1 Na5 29. Qd2 Nc4 30. Bxc4 Rxc4 31. Rc1 Ba6 32. Rxc4 Bxc4 33. Nc3 b5 34. e5 Qf5 35. Ne4 g5 36. Nxg5 Bd5 37. Qe3 Qb1+ 38. Kh2 Kg6 39. Ne4 Bxe4 40. fxe4 Qxa2 41. Qf4 Kg7 42. Qf6+ Kg8 43. d5 exd5 44. Qd8+ Kg7 45. exd5 Qd2 46. Qf6+ Kg8 47. d6 Qd5 48. Qg5+ Kf8 49. Qe7+ Kg7 50. d7 Qd4 1-0

[Event "Marianske Lazne IM-B1 20th"]
[Site "Marianske Lazne"]
[Date "2022.01.21"]
[Round "8"]
[White "Matras, Ondrej"]
[Black "Bracker, Arne"]
[Result "1/2-1/2"]
[WhiteElo "2230"]
[BlackElo "2228"]
[PlyCount "62"]
[EventDate "2022.01.15"]
[EventType "tourn"]
[EventRounds "9"]
[EventCountry "CZE"]
[SourceTitle "CBM 206 Extra"]
[Source "ChessBase"]
[SourceDate "2022.03.31"]
[SourceVersion "1"]
[SourceVersionDate "2022.03.31"]
[SourceQuality "1"]

1. d4 Nf6 2. c4 e6 3. Nc3 Bb4 4. Qc2 d5 5. Bg5 dxc4 6. Nf3 b5 7. g3 Bb7 8. Bg2 Nbd7 9. 0-0 a6 10. a4 Bxc3 11. bxc3 0-0 12. axb5 axb5 13. Qb2 Bc6 14. Rfe1 Qc8 15. Nd2 Bxg2 16. Kxg2 h6 17. Bxf6 Qb7+ 18. Kg1 Nxf6 19. Nxc4 Ng4 20. h3 Qd5 21. Nd2 Nf6 22. Nf3 Ne4 23. Ne5 c5 24. Nd3 cxd4 25. cxd4 Rfd8 26. Rxa8 Rxa8 27. Ra1 Rd8 28. Ra5 Qxd4 29. Qxd4 Rxd4 30. Rxb5 Rd8 31. Rb7 Nd6 1/2-1/2

[Event "Marianske Lazne IM-B1 20th"]
[Site "Marianske Lazne"]
[Date "2022.01.17"]
[Round "3"]
[White "Ricken, Katharina"]
[Black "Matras, Ondrej"]
[Result "0-1"]
[WhiteElo "2006"]
[BlackElo "2230"]
[PlyCount "92"]
[EventDate "2022.01.15"]
[EventType "tourn"]
[EventRounds "9"]
[EventCountry "CZE"]
[SourceTitle "CBM 206 Extra"]
[Source "ChessBase"]
[SourceDate "2022.03.31"]
[SourceVersion "1"]
[SourceVersionDate "2022.03.31"]
[SourceQuality "1"]

1. Nf3 b5 2. e4 Bb7 3. Bxb5 Bxe4 4. 0-0 Nf6 5. Be2 e6 6. c4 Be7 7. Nc3 Bb7 8. d4 0-0 9. Bf4 d6 10. h3 Nbd7 11. b4 Ne4 12. Nxe4 Bxe4 13. Re1 Bf6 14. Qd2 e5 15. Be3 Re8 16. Rad1 exd4 17. Bxd4 Bxd4 18. Qxd4 Qf6 19. c5 Bxf3 20. Qxf6 Nxf6 21. Bxf3 Rxe1+ 22. Rxe1 Rd8 23. Re7 Rd7 24. Re3 d5 25. c6 Rd6 26. b5 Rd8 27. Re7 Rc8 28. Bg4 Kf8 29. Rxf7+ Kxf7 30. Bxc8 Ke7 31. Kf1 Kd6 32. Ke2 Kc5 33. a4 Ne4 34. Ba6 Nc3+ 35. Kd3 Nxa4 36. f4 Nb2+ 37. Kc2 Nc4 38. g4 Nd6 39. h4 Nxb5 40. f5 Nd4+ 41. Kd3 Nxc6 42. g5 Kd6 43. h5 Ne7 44. g6 hxg6 45. h6 gxh6 46. f6 Nc6 0-1

[Event "Prague op-A 20th"]
[Site "Prague"]
[Date "2022.01.14"]
[Round "9"]
[White "Matras, Ondrej"]
[Black "Sorm, Daniel"]
[Result "1-0"]
[WhiteElo "2230"]
[BlackElo "2345"]
[PlyCount "140"]
[EventDate "2022.01.07"]
[EventType "swiss"]
[EventRounds "9"]
[EventCountry "CZE"]
[SourceTitle "CBM 206 Extra"]
[Source "ChessBase"]
[SourceDate "2022.03.31"]
[SourceVersion "1"]
[SourceVersionDate "2022.03.31"]
[SourceQuality "1"]

1. d4 Nf6 2. c4 d6 3. Nc3 Nbd7 4. e4 e5 5. d5 Be7 6. Bd3 0-0 7. h3 Nc5 8. Bc2 a5 9. Be3 c6 10. dxc6 bxc6 11. Bxc5 dxc5 12. Qxd8 Rxd8 13. Nf3 Nd7 14. 0-0-0 Ba6 15. b3 f6 16. Na4 Nf8 17. Rxd8 Rxd8 18. Rd1 Rb8 19. Ne1 Kf7 20. Nd3 Ne6 21. Rf1 Bd6 22. Bd1 Bc8 23. Bg4 Nf4 24. Nxf4 Bxg4 25. hxg4 exf4 26. Rd1 Ke6 27. f3 Rh8 28. Rh1 g6 29. Nb2 h5 30. gxh5 gxh5 31. Nd3 h4 32. Kb2 Kd7 33. Ka3 Kc7 34. Ka4 Rg8 35. Rxh4 Rxg2 36. a3 Rg3 37. Nxf4 Rxf3 38. Rh7+ Kb6 39. Ne6 Re3 40. Rd7 Be5 41. Nd8 Bc7 42. Ne6 Be5 43. Nd8 Rxe4 44. Rb7+ Ka6 45. Rf7 Re1 46. Nxc6 Bc3 47. Ne7 Be5 48. Nc8 Bb8 49. Rxf6+ Kb7 50. Nb6 Ra1 51. Kb5 Kc7 52. Rc6+ Kb7 53. Re6 Kc7 54. Ka4 Kd8 55. Nd5 Bg3 56. Rg6 Be5 57. Kb5 Rxa3 58. Kc6 Ke8 59. Re6+ Kf7 60. Rxe5 Rxb3 61. Kxc5 a4 62. Re7+ Kg6 63. Ra7 a3 64. Kd6 Kf5 65. c5 Ke4 66. c6 Rd3 67. Ra4+ Rd4 68. Rxd4+ Kxd4 69. c7 a2 70. c8Q a1B 1-0

[Event "Prague op-A 20th"]
[Site "Prague"]
[Date "2022.01.10"]
[Round "5"]
[White "Matras, Ondrej"]
[Black "Llopis de Aysa, Manuel"]
[Result "1-0"]
[WhiteElo "2230"]
[BlackElo "2035"]
[PlyCount "51"]
[EventDate "2022.01.07"]
[EventType "swiss"]
[EventRounds "9"]
[EventCountry "CZE"]
[SourceTitle "CBM 206 Extra"]
[Source "ChessBase"]
[SourceDate "2022.03.31"]
[SourceVersion "1"]
[SourceVersionDate "2022.03.31"]
[SourceQuality "1"]

1. d4 d6 2. e4 g6 3. c4 Bg7 4. Nc3 e5 5. d5 a5 6. Bd3 Na6 7. Be3 Bd7 8. Qd2 f5 9. f3 Nf6 10. exf5 gxf5 11. Nge2 0-0 12. 0-0-0 a4 13. Bh6 Nc5 14. Bc2 Nh5 15. g4 fxg4 16. fxg4 Nf4 17. g5 Bxh6 18. gxh6 Qh4 19. Rhg1+ Kh8 20. Nxf4 Qxf4 21. Rg7 Qxd2+ 22. Rxd2 Bf5 23. Rxc7 Bxc2 24. Kxc2 Rf6 25. Nb5 Rxh6 26. Nxd6 1-0

[Event "CZE-chT1W 2122"]
[Site "Czech Republic"]
[Date "2021.11.28"]
[Round "4.3"]
[White "Gloser, David"]
[Black "Matras, Ondrej"]
[Result "1/2-1/2"]
[WhiteElo "2179"]
[BlackElo "2190"]
[PlyCount "83"]
[EventDate "2021.10.10"]
[EventType "team-tourn"]
[EventRounds "11"]
[EventCountry "CZE"]
[SourceTitle "EXT 2023"]
[Source "ChessBase"]
[SourceDate "2022.10.05"]
[SourceVersion "1"]
[SourceVersionDate "2022.10.05"]
[SourceQuality "1"]
[WhiteTeam "Polabiny II"]
[BlackTeam "Pankrac"]
[WhiteTeamCountry "CZE"]
[BlackTeamCountry "CZE"]

1. e4 e6 2. d4 d5 3. e5 c5 4. c3 Qb6 5. Nf3 Bd7 6. Bd3 Bb5 7. 0-0 Bxd3 8. Qxd3 c4 9. Qc2 Nc6 10. Re1 Nge7 11. Nbd2 Nf5 12. Nf1 h5 13. Ne3 Nce7 14. b3 cxb3 15. axb3 Nxe3 16. Bxe3 Nf5 17. c4 Bb4 18. Rec1 dxc4 19. bxc4 0-0 20. Qe4 a5 21. d5 Nxe3 22. fxe3 Bc5 23. Kh1 Bxe3 24. Rcb1 exd5 25. cxd5 Qh6 26. Rxb7 Bc5 27. h4 Bb4 28. d6 Rae8 29. Qd4 Qe6 30. Rd1 f6 31. exf6 Rxf6 32. Ng5 Qb3 33. d7 Rd8 34. Qd5+ Qxd5 35. Rxd5 Bd6 36. g4 Rdf8 37. Ne4 Rf1+ 38. Kg2 Re1 39. Rxd6 Re2+ 40. Kg1 Rxe4 41. d8Q Re1+ 42. Kg2 1/2-1/2

[Event "CZE-chT1W 2122"]
[Site "Czech Republic"]
[Date "2021.10.31"]
[Round "2.4"]
[White "Sedy, Pavel"]
[Black "Matras, Ondrej"]
[Result "0-1"]
[WhiteElo "2193"]
[BlackElo "2190"]
[PlyCount "68"]
[EventDate "2021.10.10"]
[EventType "team-tourn"]
[EventRounds "11"]
[EventCountry "CZE"]
[SourceTitle "EXT 2023"]
[Source "ChessBase"]
[SourceDate "2022.10.05"]
[SourceVersion "1"]
[SourceVersionDate "2022.10.05"]
[SourceQuality "1"]
[WhiteTeam "Vysehrad SK Sokol"]
[BlackTeam "Pankrac"]
[WhiteTeamCountry "CZE"]
[BlackTeamCountry "CZE"]

1. e4 e6 2. Nc3 d5 3. Nf3 Nf6 4. e5 Nfd7 5. d4 c5 6. dxc5 Nc6 7. Bf4 a6 8. Bd3 Nxc5 9. 0-0 Be7 10. Re1 Nxd3 11. Qxd3 Bd7 12. Ne2 g5 13. Bd2 g4 14. Nfd4 Nxe5 15. Qg3 Bd6 16. Bf4 Qc7 17. Nc3 f6 18. Bxe5 Bxe5 19. Qxg4 0-0-0 20. Qh4 Rdg8 21. Rad1 h5 22. f3 Rg5 23. Re2 Rhg8 24. Rd3 Qb6 25. b3 Kb8 26. Kh1 Rc8 27. Nd1 Bc7 28. Ne3 Qd6 29. c4 e5 30. f4 exd4 31. fxg5 fxg5 32. Qxh5 dxe3 33. Rxd5 Qf6 34. Rd1 Rh8 0-1